003850000a22001210004500090001700000245008900017041001400106700003900120100003300159942001300192773004100205999001700246 aASbSeriadas10aEulaema chocoana, nueva especie de abeja Euglosina de la Costa Pacífica colombiana0 aEspañol1 aSandino Franco, Juan Carlos9993521 aOspina Torres, Rodulfo95980 cARTICULO1 tCaldasia345h1-2q165-174d1997g19 c14770d14770